Macroeconomic Policy and Economic Interdependence
Saved in:
| Other Authors: | , |
|---|---|
| Format: | Book |
| Language: | English |
| Published: |
Houndmills
MacMillan Press
1989
|
| Edition: | 1. ed. |
| Tags: |
No Tags, Be the first to tag this record!
|
MARC
| LEADER | 00000nam a2200000 4500 | ||
|---|---|---|---|
| 001 | c030531 | ||
| 005 | 20221215114112.2 | ||
| 041 | 0 | |a eng | |
| 044 | |a US | ||
| 245 | 1 | 0 | |a Macroeconomic Policy and Economic Interdependence |c Edit. Donald R. Hodgman, Geoffrey E. Wood |
| 250 | |a 1. ed. | ||
| 264 | 1 | |a Houndmills |b MacMillan Press |c 1989 | |
| 300 | |a 331 s. | ||
| 700 | 1 | |a Hodgman, Donald R. | |
| 700 | 1 | |a Wood, Geoffrey E. | |